[Event "EU-ch blitz"]
[Site "Skopje"]
[Date "2018.12.06"]
[Round "1"]
[White "Bogoevski, Jani"]
[Black "Stevic, Hrvoje"]
[Result "0-1"]
[WhiteElo "2190"]
[BlackElo "2587"]
[PlyCount "42"]
[EventDate "2018.12.06"]
[EventType "swiss (blitz)"]
[EventRounds "22"]
[EventCountry "MKD"]
[SourceTitle "CBM 187 Extra"]
[Source "ChessBase"]
[SourceDate "2018.11.04"]
[SourceVersion "1"]
[SourceVersionDate "2018.11.04"]
[SourceQuality "1"]

1. Nf3 c5 2. c4 Nc6 3. g3 g6 4. Bg2 Bg7 5. Nc3 d6 6. 0-0 e5 7. d3 Nge7 8. Rb1 0-0 9. e3 h6 10. h3 Be6 11. Nd2 d5 12. cxd5 Nxd5 13. Nxd5 Bxd5 14. Ne4 Bxa2 15. Ra1 Bd5 16. Qa4 b6 17. Rd1 Na5 18. Nc3 Bb3 19. Qb5 Bxd1 20. Bxa8 Bc2 21. Be4 Nb3 0-1

[Event "EU-ch blitz"]
[Site "Skopje"]
[Date "2018.12.06"]
[Round "2"]
[White "Stevic, Hrvoje"]
[Black "Bogoevski, Jani"]
[Result "1-0"]
[WhiteElo "2587"]
[BlackElo "2190"]
[PlyCount "109"]
[EventDate "2018.12.06"]
[EventType "swiss (blitz)"]
[EventRounds "22"]
[EventCountry "MKD"]
[SourceTitle "CBM 187 Extra"]
[Source "ChessBase"]
[SourceDate "2018.11.04"]
[SourceVersion "1"]
[SourceVersionDate "2018.11.04"]
[SourceQuality "1"]

1. e4 e6 2. d4 d5 3. e5 c5 4. c3 Qb6 5. Nf3 Bd7 6. Bd3 cxd4 7. Nxd4 Nc6 8. Nf3 f5 9. 0-0 Nge7 10. Qe2 Ng6 11. h4 Be7 12. h5 Nh4 13. Nxh4 Bxh4 14. Nd2 0-0 15. Nf3 Be7 16. Bf4 a6 17. h6 g6 18. b4 Qd8 19. Qe3 Qe8 20. a4 Nd8 21. Ng5 Bxa4 22. c4 Bxg5 23. Bxg5 Nf7 24. Bf6 dxc4 25. Bxc4 Bb5 26. Rfc1 Rc8 27. Bb3 Rxc1+ 28. Rxc1 Bc6 29. Bg7 Nd8 30. Bxf8 Kxf8 31. Rd1 Qe7 32. Qc5 Ke8 33. Rd6 Bb5 34. Qb6 Bc6 35. f4 Qh4 36. Rd1 Qe7 37. Qc5 Qh4 38. Qd6 Qe7 39. Qxe7+ Kxe7 40. Rd6 Bd7 41. Kf2 Nf7 42. Rb6 Bc6 43. Bc4 Nd8 44. b5 axb5 45. Bxb5 Bd5 46. Rd6 Nf7 47. Rd7+ Kf8 48. Rc7 Nxh6 49. Bc4 Bxc4 50. Rxc4 Nf7 51. Rc7 h6 52. Rxb7 g5 53. g3 Kg7 54. Re7 gxf4 55. gxf4 1-0

[Event "FRM-chT 23rd"]
[Site "Struga"]
[Date "2014.07.15"]
[Round "2.3"]
[White "Bogoevski, Jani"]
[Black "Gotovusa, Goran"]
[Result "1/2-1/2"]
[WhiteElo "2178"]
[BlackElo "2192"]
[PlyCount "78"]
[EventDate "2014.07.14"]
[EventType "team-tourn"]
[EventRounds "5"]
[EventCountry "MKD"]
[SourceTitle "CBM 161 Extra"]
[Source "ChessBase"]
[SourceDate "2014.08.29"]
[SourceVersion "1"]
[SourceVersionDate "2014.08.29"]
[SourceQuality "1"]
[WhiteTeam "Bitola Stevo Patako"]
[BlackTeam "Prilep"]
[WhiteTeamCountry "MKD"]
[BlackTeamCountry "MKD"]

1. c4 Nf6 2. Nc3 e6 3. e4 d5 4. e5 d4 5. exf6 dxc3 6. bxc3 Qxf6 7. Nf3 c5 8. d4 h6 9. h4 Nc6 10. Ba3 Be7 11. Rc1 0-0 12. Bd3 cxd4 13. Bxe7 Qxe7 14. cxd4 e5 15. dxe5 Nxe5 16. Nxe5 Qxe5+ 17. Qe2 Re8 18. Qxe5 Rxe5+ 19. Kd2 Bf5 20. Rhe1 Rxe1 21. Rxe1 Rd8 22. Re3 Kf8 23. Kc3 Bxd3 24. Rxd3 Rxd3+ 25. Kxd3 Ke7 26. c5 Kd7 27. Kc4 Kc6 28. h5 b6 29. cxb6 axb6 30. a4 g6 31. hxg6 fxg6 32. f4 Kd6 33. Kd4 Ke6 34. Ke4 h5 35. g3 Kd6 36. Kd4 Ke6 37. Ke4 Kd6 38. Kd4 Ke6 39. Kc4 Kd6 1/2-1/2

[Event "FRM-chT 22nd"]
[Site "Struga"]
[Date "2013.07.29"]
[Round "1.4"]
[White "Hadzi Manev, Ljubomir"]
[Black "Bogoevski, Jani"]
[Result "0-1"]
[WhiteElo "2052"]
[BlackElo "2211"]
[PlyCount "64"]
[EventDate "2013.07.29"]
[EventType "team-tourn"]
[EventRounds "7"]
[EventCountry "MKD"]
[SourceTitle "CBM 155 Extra"]
[Source "ChessBase"]
[SourceDate "2013.08.26"]
[SourceVersion "1"]
[SourceVersionDate "2013.08.26"]
[SourceQuality "1"]
[WhiteTeam "Skopje Karposh"]
[BlackTeam "Bitola Stevo Patako"]
[WhiteTeamCountry "MKD"]
[BlackTeamCountry "MKD"]

1. d4 Nf6 2. c4 e6 3. Nf3 d5 4. Nc3 Bb4 5. a3 Bxc3+ 6. bxc3 c5 7. e3 Nc6 8. Bd3 0-0 9. 0-0 dxc4 10. Bxc4 Qc7 11. Qc2 e5 12. Bd3 Bg4 13. Bb2 h6 14. Nxe5 Nxe5 15. dxe5 Qxe5 16. c4 Qg5 17. Bxf6 Qxf6 18. Bh7+ Kh8 19. Be4 Rab8 20. h3 Be6 21. Rad1 b6 22. Rd2 Rbd8 23. Rfd1 Rxd2 24. Qxd2 Bxc4 25. Qd7 Bb3 26. Rb1 Qe6 27. Qxa7 c4 28. Qb7 c3 29. Rc1 c2 30. Bd3 Qd6 31. Qe4 f5 32. Qd4 Qxa3 0-1

[Event "FRM-ch op 22nd"]
[Site "Struga"]
[Date "2013.07.14"]
[Round "2"]
[White "Pancevski, Filip"]
[Black "Bogoevski, Jani"]
[Result "1-0"]
[WhiteElo "2506"]
[BlackElo "2211"]
[PlyCount "65"]
[EventDate "2013.07.13"]
[EventType "swiss"]
[EventRounds "9"]
[EventCountry "MKD"]
[SourceTitle "CBM 155 Extra"]
[Source "ChessBase"]
[SourceDate "2013.08.26"]
[SourceVersion "1"]
[SourceVersionDate "2013.08.26"]
[SourceQuality "1"]

1. e4 e6 2. d3 c5 3. g3 Nc6 4. Bg2 g6 5. f4 d6 6. Nf3 Bg7 7. 0-0 Nge7 8. c3 0-0 9. Be3 Rb8 10. d4 cxd4 11. Nxd4 Qb6 12. Qd2 Nxd4 13. cxd4 Bd7 14. Nc3 Qa6 15. Rf2 Rfd8 16. d5 exd5 17. f5 d4 18. Bxd4 Bxd4 19. Qxd4 Qb6 20. Qf6 Re8 21. Rd1 d5 22. Qxb6 axb6 23. f6 Nc6 24. Nxd5 Be6 25. Rfd2 Bxd5 26. exd5 Ne5 27. d6 Re6 28. Rc1 Rd8 29. d7 Nc6 30. Rf1 h6 31. h4 Ne5 32. Bh3 Rc6 33. Re2 1-0

[Event "Skopje Karposh op"]
[Site "Skopje"]
[Date "2013.03.11"]
[Round "4"]
[White "Bogoevski, Jani"]
[Black "Flom, Gabriel"]
[Result "0-1"]
[WhiteElo "2217"]
[BlackElo "2436"]
[PlyCount "54"]
[EventDate "2013.03.09"]
[EventType "swiss"]
[EventRounds "9"]
[EventCountry "MKD"]
[SourceTitle "CBM 153 Extra"]
[Source "ChessBase"]
[SourceDate "2013.04.22"]
[SourceVersion "1"]
[SourceVersionDate "2013.04.22"]
[SourceQuality "1"]

1. d4 d5 2. Nf3 Nf6 3. Bf4 c6 4. c3 g6 5. e3 Bg7 6. Nbd2 Nh5 7. Bd3 Nd7 8. 0-0 0-0 9. h3 Nxf4 10. exf4 Nf6 11. Kh2 Nh5 12. g3 Qb6 13. Qb3 Qc7 14. Ne5 Bh6 15. Qc2 f6 16. Bxg6 hxg6 17. Qxg6+ Ng7 18. Qxh6 fxe5 19. fxe5 c5 20. f4 cxd4 21. Nf3 dxc3 22. Rac1 Qb6 23. Qxb6 axb6 24. Rxc3 Rxa2 25. Rb3 Bf5 26. Rxb6 Rd8 27. Rb5 Bd3 0-1

[Event "Skopje Karposh op"]
[Site "Skopje"]
[Date "2013.03.10"]
[Round "2"]
[White "Baron, Tal"]
[Black "Bogoevski, Jani"]
[Result "1-0"]
[WhiteElo "2465"]
[BlackElo "2217"]
[PlyCount "36"]
[EventDate "2013.03.09"]
[EventType "swiss"]
[EventRounds "9"]
[EventCountry "MKD"]
[SourceTitle "CBM 153 Extra"]
[Source "ChessBase"]
[SourceDate "2013.04.22"]
[SourceVersion "1"]
[SourceVersionDate "2013.04.22"]
[SourceQuality "1"]

1. e4 e6 2. d4 d5 3. Nc3 dxe4 4. Nxe4 Bd7 5. Nf3 Bc6 6. Neg5 Nd7 7. Nxf7 Kxf7 8. Ng5+ Ke8 9. Bd3 Ngf6 10. Nxe6 Qe7 11. 0-0 Qxe6 12. Re1 Ne4 13. f3 Qd6 14. c3 Be7 15. fxe4 Bd8 16. Qf3 Nf6 17. Bf4 Qd7 18. d5 Bxd5 1-0

[Event "NRW Class1 1011"]
[Site "Germany"]
[Date "2010.11.28"]
[Round "3.4"]
[White "Haves, Reinhard"]
[Black "Bogoevski, Jani"]
[Result "1-0"]
[WhiteElo "2209"]
[BlackElo "2204"]
[PlyCount "115"]
[EventDate "2010.09.26"]
[EventType "team-tourn"]
[EventRounds "9"]
[EventCountry "GER"]
[SourceTitle "EXT 2012"]
[Source "ChessBase"]
[SourceDate "2011.11.24"]
[SourceVersion "1"]
[SourceVersionDate "2011.11.24"]
[SourceQuality "1"]
[WhiteTeam "Neuenkirchen"]
[BlackTeam "Wuerselen"]
[WhiteTeamCountry "GER"]
[BlackTeamCountry "GER"]

1. d4 Nf6 2. Nf3 e6 3. g3 Be7 4. Bg2 0-0 5. c4 d5 6. 0-0 Nbd7 7. Qc2 c6 8. Rd1 b6 9. Nc3 Bb7 10. Ne5 Nxe5 11. dxe5 Ng4 12. cxd5 cxd5 13. Qa4 Nxe5 14. e4 Bc6 15. Qb3 d4 16. Nb5 Bc5 17. Nxd4 Bxd4 18. Be3 Bxe3 19. Rxd8 Bxf2+ 20. Kxf2 Rfxd8 21. Rd1 g5 22. h3 Kg7 23. Bf1 Kf6 24. Ke3 Rac8 25. Ba6 Rxd1 26. Qxd1 Re8 27. b3 Kg7 28. Qd6 Kf6 29. Be2 Re7 30. Qd8 Ng6 31. Bh5 e5 32. Bg4 Kg7 33. Bf5 Re8 34. Qc7 Ne7 35. Bd7 Bxd7 36. Qxd7 Kf8 37. Qxa7 Ng6 38. Qxb6 h5 39. Qf6 h4 40. Qxg5 hxg3 41. Qxg3 Rd8 42. Qg5 Ra8 43. h4 Rxa2 44. h5 Nf4 45. Qxe5 Ng2+ 46. Kd3 Ne1+ 47. Ke3 Ng2+ 48. Kf3 Ne1+ 49. Kg3 Rg2+ 50. Kh3 Kg8 51. b4 Rg1 52. Qc5 Rh1+ 53. Kg3 Nd3 54. Qd4 Nc1 55. Qd2 Nb3 56. Qb2 Nc1 57. h6 f6 58. Kg2 1-0

[Event "FRA-chT2 East 0708"]
[Site "France"]
[Date "2007.11.24"]
[Round "2.3"]
[White "Bogoevski, Jani"]
[Black "Koehler, Jerome"]
[Result "1-0"]
[WhiteElo "2287"]
[BlackElo "2031"]
[PlyCount "104"]
[EventDate "2007.10.21"]
[EventType "team"]
[EventRounds "11"]
[EventCountry "FRA"]
[SourceTitle "EXT 2009"]
[Source "ChessBase"]
[SourceDate "2008.11.26"]
[SourceVersion "1"]
[SourceVersionDate "2008.11.26"]
[SourceQuality "1"]
[WhiteTeam "Metz Fischer II"]
[BlackTeam "Obernai"]
[WhiteTeamCountry "FRA"]
[BlackTeamCountry "FRA"]

1. Nf3 Nf6 2. d4 g6 3. g3 Bg7 4. Bg2 0-0 5. 0-0 d6 6. b3 Re8 7. Bb2 d5 8. Nbd2 Bf5 9. Nh4 Qd7 10. Nxf5 Qxf5 11. e4 Nxe4 12. Nxe4 dxe4 13. Re1 c5 14. Rxe4 Nc6 15. Rf4 Qd7 16. d5 Bxb2 17. dxc6 Qxd1+ 18. Rxd1 bxc6 19. Bxc6 Red8 20. Rb1 Rac8 21. Rxb2 Rxc6 22. c3 Rd5 23. Rc4 Rcd6 24. Kg2 Kg7 25. Re2 e6 26. Ra4 a6 27. c4 Rd3 28. Ra5 Rc6 29. Re5 Rd2 30. Kf3 Kf6 31. Re3 Ke7 32. g4 Rd4 33. h3 Kf6 34. Ke2 e5 35. Rd3 Ke6 36. Rxd4 exd4 37. Kd3 Kd6 38. a3 Kc7 39. g5 f5 40. b4 Kb6 41. Rxc5 Re6 42. Rd5 Re1 43. Rxd4 Ra1 44. Rh4 Rxa3+ 45. Kd4 Rf3 46. Rxh7 Rxf2 47. Rh6 Rf4+ 48. Kd5 Kb7 49. Rxg6 Rf3 50. Rg7+ Kb6 51. c5+ Kb5 52. Rb7+ Ka4 1-0

[Event "FRM-chT"]
[Site "Struga"]
[Date "2007.07.23"]
[Round "1"]
[White "Nedev, Trajce"]
[Black "Bogoevski, Jani"]
[Result "1-0"]
[WhiteElo "2524"]
[BlackElo "2283"]
[PlyCount "61"]
[EventDate "2007.07.23"]
[EventType "team"]
[EventRounds "7"]
[EventCountry "MKD"]
[SourceTitle "CBM 119 Extra"]
[Source "ChessBase"]
[SourceDate "2007.09.04"]
[SourceVersion "1"]
[SourceVersionDate "2007.09.04"]
[SourceQuality "1"]

1. e4 e6 2. d4 d5 3. Nd2 dxe4 4. Nxe4 Bd7 5. Nf3 Bc6 6. Bd3 Bxe4 7. Bxe4 c6 8. c3 Nd7 9. 0-0 Ngf6 10. Bc2 Bd6 11. Re1 0-0 12. Ne5 Qc7 13. Nxd7 Qxd7 14. Qd3 g6 15. Bg5 Nd5 16. Re4 Rfe8 17. Rae1 Qc7 18. Qh3 Be7 19. Bh6 Bf6 20. c4 Nb6 21. Bb3 Rad8 22. Qf3 Qe7 23. Qe3 Rd7 24. Rd1 Red8 25. a4 c5 26. d5 e5 27. f4 Re8 28. Re1 Nc8 29. fxe5 Nd6 30. exd6 Qxe4 31. Qxe4 1-0

[Event "Leuven op 19th"]
[Site "Leuven"]
[Date "2007.??.??"]
[Round "6"]
[White "Bogoevski, Jani"]
[Black "Londers, Jan"]
[Result "1-0"]
[WhiteElo "2285"]
[BlackElo "1920"]
[PlyCount "39"]
[EventDate "2007.11.??"]
[EventType "swiss"]
[EventRounds "7"]
[EventCountry "BEL"]
[SourceTitle "EXT 2010"]
[Source "ChessBase"]
[SourceDate "2010.11.25"]
[SourceVersion "1"]
[SourceVersionDate "2010.11.25"]
[SourceQuality "1"]

1. d4 Nf6 2. Nf3 e6 3. Bf4 b6 4. Nbd2 Bb7 5. e3 Be7 6. Bd3 0-0 7. e4 d6 8. h4 h6 9. Ng5 Nbd7 10. e5 dxe5 11. dxe5 Nd5 12. Bg3 g6 13. Nxe6 fxe6 14. Qg4 g5 15. Qxe6+ Rf7 16. Qxh6 Qf8 17. Qh5 Nc5 18. Bg6 Nf4 19. Bxf4 Rxf4 20. Qh7# 1-0

[Event "FRM-chT"]
[Site "Struga"]
[Date "2005.09.03"]
[Round "6"]
[White "Stamenkov, Vanco"]
[Black "Bogoevski, Jani"]
[Result "1/2-1/2"]
[WhiteElo "2391"]
[BlackElo "2311"]
[PlyCount "97"]
[EventDate "2005.08.29"]
[EventType "team"]
[EventRounds "7"]
[EventCountry "MKD"]
[SourceTitle "CBM 108 Extra"]
[Source "ChessBase"]
[SourceDate "2005.11.04"]
[SourceVersion "1"]
[SourceVersionDate "2005.11.04"]
[SourceQuality "1"]

1. Nf3 d5 2. c4 e6 3. g3 Nf6 4. Bg2 Be7 5. 0-0 0-0 6. b3 b6 7. Bb2 Bb7 8. d4 Nbd7 9. Nbd2 c5 10. e3 Rc8 11. Ne5 cxd4 12. exd4 Rc7 13. Qe2 Qa8 14. Rfe1 dxc4 15. Bxb7 Qxb7 16. bxc4 Nxe5 17. dxe5 Nd7 18. Ne4 Qc6 19. Rad1 Rd8 20. Nd6 Nc5 21. Rd4 Rcd7 22. Qh5 g6 23. Qh6 Bf8 24. Qh4 Be7 25. Qf4 f5 26. exf6 Bxd6 27. Qh6 e5 28. Rd5 Bc7 29. Rexe5 Bxe5 30. f7+ Kxf7 31. Qxh7+ Kf8 32. Qh6+ Kf7 33. Qh7+ Kf8 34. Qh6+ Kf7 35. Qh7+ Kf8 36. Qh6+ Bg7 37. Bxg7+ Kf7 38. Rf5+ gxf5 39. Qxc6 Kxg7 40. Qf3 Kg6 41. h4 Rd4 42. Qc6+ R8d6 43. Qe8+ Kf6 44. Qf8+ Ke5 45. Qg7+ Ke4 46. Qg5 Ke5 47. Qg7+ Ke4 48. Qg5 Ke5 49. Qg7+ 1/2-1/2